| 000 | 00740cam a2200241 a 4500 | ||
|---|---|---|---|
| 999 |
_c2009 _d2009 |
||
| 001 | 6711 | ||
| 003 | BD-DhUAP | ||
| 005 | 20200218164046.0 | ||
| 008 | 200218s1998 nyua bs 000 0 eng | ||
| 020 | _a0070075115 | ||
| 040 |
_aDLC _cDLC _bEng _dBD-DhUAP |
||
| 082 |
_223 _a370.15 ABB |
||
| 100 | _aAbbeduto, Leonard. | ||
| 245 | 0 | 0 |
_aGuide to human development for future educators / _cLeonard Abbeduto and Stephen Elliott. |
| 260 |
_aNew York : _bMcGraw Hill, _cc1998. |
||
| 300 |
_aviii, 112 pages : _billustrations ; _c29 cm. |
||
| 504 | _aIncludes bibliographical references and index. | ||
| 650 | _aEducational psychology | ||
| 650 | _aChild development. | ||
| 650 | _aLearning. | ||
| 700 | _aElliott, Stephen. | ||
| 942 |
_2ddc _cBK |
||